000 00662nam a2200241Ia 4500
003 OSt
005 20220923230647.0
006 a|||||r|||| 00| 0
007 ta
008 220922b |||||||| |||| 00| 0 hin d
024 _a302,078
037 _cTextual
040 _aARTS
_cARTS
_bhin
041 _2hin
_ahin
082 _aO157,3NDE,11, 152K0
100 _aदेवेशदास
_9156277
245 0 _aराजसी
246 _aRājasī
260 _c1960
650 _aबंगाली साहित्य
_9156264
942 _hO157,3NDE,11, 152K0
_cTEXL
_2CC
999 _c386346
_d386346